书目信息 |
| 题名: |
经济计量学教程
|
|
| 作者: | 熊义杰 编著 | |
| 分册: | ||
| 出版信息: | 北京 国防工业出版社 2004 |
|
| 页数: | 13,260页 | |
| 开本: | 20cm | |
| 丛书名: | ||
| 单 册: | ||
| 中图分类: | F224.0 | |
| 科图分类: | ||
| 主题词: | 计量经济学--高等学校 | |
| 电子资源: | ||
| ISBN: | 7-118-03340-5 | |
| 000 | 00767nam0 2200229 45 | |
| 001 | 010000004056 | |
| 005 | 20050905154349.87 | |
| 010 | @a7-118-03340-5@dCNY14.00 | |
| 100 | @a20040407d2004 ekmy0chiy0120 ea | |
| 101 | 0 | @achi |
| 102 | @aCN@b110000 | |
| 105 | @ak z 000yy | |
| 200 | 1 | @a经济计量学教程@Ajing ji ji liang xue jiao cheng@f熊义杰编著@Fxiong yi jie bian zhu |
| 210 | @a北京@c国防工业出版社@d2004 | |
| 215 | @a13,260页@d20cm | |
| 300 | @a面向21世纪高等学校教材 | |
| 330 | @a全书共8章,分上下两篇。上篇共4章,属于经济计量学的基础和入门部分。下篇也是4章,属于经济计量学的引深和提高部分。 | |
| 606 | 0 | @a计量经济学@x高等学校 |
| 690 | @aF224.0@v4 | |
| 701 | 0 | @a熊义杰@Axiong yi jie@4编著 |
| 801 | 0 | @aCN@bTSSF@c20050905 |
| 905 | @a10447@dF224.0@e149 | |
| 经济计量学教程/熊义杰编著.-北京:国防工业出版社,2004 |
| 13,260页;20cm |
| 面向21世纪高等学校教材 |
| ISBN 7-118-03340-5:CNY14.00 |
| 全书共8章,分上下两篇。上篇共4章,属于经济计量学的基础和入门部分。下篇也是4章,属于经济计量学的引深和提高部分。 |
| ● |
| 相关链接 |
|
|
|
|
正题名:经济计量学教程
索取号:F224.0/149
 
预约/预借
| 序号 | 登录号 | 条形码 | 馆藏地/架位号 | 状态 | 备注 |
| 1 | 0360358 | 3603586 | 第一样本阅览室/ [索取号:F224.0/149] | 在馆 | |
| 2 | 0360359 | 3603595 | 第一借阅区/ [索取号:F224.0/149] | 在馆 | |
| 3 | 0360360 | 3603602 | 第一借阅区/ [索取号:F224.0/149] | 在馆 |